Szeged naggyá fejlesztése V.
Elmentve itt :
| Szerző: | |
|---|---|
| Dokumentumtípus: | Cikk |
| Megjelent: |
1914-03-18
|
| Sorozat: | Délmagyarország
3 No. 64 |
| Kulcsszavak: | Városfejlesztés Szeged 1914 |
| Online Access: | http://dmarchiv.bibl.u-szeged.hu/59120 |
| LEADER | 00457nab a2200157 i 4500 | ||
|---|---|---|---|
| 001 | delm59120 | ||
| 005 | 20180927144648.0 | ||
| 008 | 180927s1914 hu o 0|| hun d | ||
| 040 | |a SZTE Délmagyarország Archívum |b hun | ||
| 041 | |a hun | ||
| 100 | 1 | |a Nagy Gyula | |
| 245 | 1 | 0 | |a Szeged naggyá fejlesztése V. |h [elektronikus dokumentum] / |c Nagy Gyula |
| 260 | |c 1914-03-18 | ||
| 300 | |a 6-7 | ||
| 490 | 0 | |a Délmagyarország |v 3 No. 64 | |
| 695 | |a Városfejlesztés Szeged 1914 | ||